000 00882nam a2200217Ii 4500
003 JO-AjNU
008 230605s9999||||xx |||||||||||||| ||und||
017 _a2005/15310
040 _aJO-AjNU
_bara
_erda
_cJO-AjNU
041 _aara
050 1 4 _aHG4551.H5688 2010
100 3 _aهندي، منير ابراهيم,
_eauthor
_932839
245 0 0 _aاساسيات الاستثمار وتحليل الاوراق المالية : الاسهم والسندات
250 _aط2
264 3 1 _aالاسكندرية: دار المعرفة الجامعية،2010
300 _a619ص
_bيحتوي على ملاحق و قاموس لشرح المصطلحات ومسرد مصطلحات من605-619ص
336 _atext
_btxt
_2rdacontent
337 _aunmediated
_bn
_2rdamedia
338 _avolume
_bnc
_2rdacarrier
650 4 _aالاستثمار - الاوراق المالية
_932840
999 _aA13303
_c16871
_d16871